Statistics for NBA Best Shooting Guard per Franchise

Click here to take the quiz!

General Stats

  • This quiz has been taken 136 times
  • The average score is 15 of 30

Answer Stats

HintAnswer% Correct
Chicago BullsMichael Jordan
95%
Denver NuggetsDavid Thompson
86%
Miami HeatDwyane Wade
86%
Los Angeles LakersKobe Bryant
86%
Houston RocketsJames Harden
84%
Philadelphia 76ersAllen Iverson
77%
Milwaukee BucksRay Allen
75%
Indiana PacersReggie Miller
75%
Washington WizardsBradley Beal
68%
Portland Trail BlazersClyde Drexler
66%
Detroit PistonsJoe Dumars
66%
Toronto RaptorsDemar Derozan
61%
Cleveland CavaliersAustin Carr
59%
Boston CelticsJohn Havlicek
59%
San Antonio SpursGeorge Gervin
58%
Brooklyn NetsVince Carter
56%
Phoenix SunsKevin Johnson
54%
Charlotte HornetsDell Curry
46%
Utah JazzPete Maravich
41%
New Orleans PelicansJrue Holiday
36%
Sacramento KingsMitch Richmond
30%
Dallas MavericksRolando Blackman
29%
Orlando MagicNick Anderson
22%
Minnesota TimberwolvesJimmy Butler
18%
Atlanta HawksLou Hudson
16%
Oklahoma City ThunderFred Brown
13%
Los Angeles ClippersCorey Maggette
11%
Memphis GrizzliesOJ Mayo
10%
New York KnicksRichie Guerin
5%
Golden State WarriorsAl Attles
4%

Score Distribution

Percentile by Number Answered

Percent of People with Each Score

Your Score History

You have not taken this quiz